[Event "1. liga V 24/25, SM-Poruba"]
[Site ""]
[Date "2024.10.20"]
[Round "1.7"]
[White "Babula, Matej"]
[Black "Machacek, Jan"]
[Result "1/2-1/2"]
[WhiteFideId "398322"]
[BlackFideId "23717700"]
[WhiteElo "2156"]
[BlackElo "2071"]
[PlyCount "0"]
[WhiteTeam "SK Stare Mesto"]
[BlackTeam "SK Slavoj Poruba B"]
[EventDate "2024.10.20"]

1.e4 c5 2.Nf3 d6 3.d4 cxd4 4.Nxd4 Nf6 5.Nc3 a6 6.f3 e5 7.Nb3 Be6 8.Be3 Be7
9.Qd2 Nbd7 10.O-O-O h5 11.Nd5 Bxd5 12.exd5 Rc8 13.Kb1 Nb6 14.Qa5 Nc4 15. Qxd8+
Bxd8 16.Bxc4 Rxc4 17.Nd2 Rc8 18.c4 Nd7 19.Rc1 a5 20.Ne4 Be7 21.c5 dxc5 22.d6
Bd8 23.Nxc5 Nxc5 24.Rxc5 Rxc5 25.Bxc5 Kd7 26.a4 b6 27.Ba3 Bg5 28.Kc2 f5 29.Kd3
Rc8 30.Re1 Ke6 31.b3 h4 32.g3 Bf6 33.g4 g6 34.h3 Kd7 35. Rc1 Rxc1 36.Bxc1 Kxd6
37.Be3 Bd8 38.Kc4 Kc6 39.gxf5 gxf5 40.Bf2 Be7 41.Be1
Bd8 42.Bf2 Kd6 43.Be3 Kc6 44.Bf2 1/2-1/2

[Event "1. liga V 24/25, SM-Poruba"]
[Site ""]
[Date "2024.10.20"]
[Round "1.8"]
[White "Kasparek, Ivo"]
[Black "Vrana, Frantisek"]
[Result "0-1"]
[WhiteFideId "336998"]
[BlackFideId "302066"]
[WhiteElo "1781"]
[BlackElo "2118"]
[PlyCount "0"]
[WhiteTeam "SK Slavoj Poruba B"]
[BlackTeam "SK Stare Mesto"]
[EventDate "2024.10.20"]

1. e4 c5 2. Bc4 e6 3. Nc3 a6 4. a3 b5 5. Be2 Bb7 6. d3 Nc6 7. Nf3 d6 8. Bf4
Be7 9. Qd2 Nf6 10. O-O h6 11. h3 g5 12. Bg3 Nd4 13. Rac1 Rg8 14. Nxd4 cxd4 15.
Na2 h5 16. c3 dxc3 17. Nxc3 h4 18. Bh2 g4 19. hxg4 Nxg4 20. Bxg4 Rxg4 21. f3
Rg6 22. Rf2 Qb6 23. Kf1 Kd7 24. Qf4 Rf8 25. Rcc2 Bg5 0-1

[Event "1. liga V 24/25, Duras-BSS"]
[Site ""]
[Date "2024.10.20"]
[Round "1.1"]
[White "Dragnev, Valentin"]
[Black "Mica, Marek"]
[Result "1-0"]
[WhiteFideId "1634852"]
[BlackFideId "382884"]
[WhiteElo "2562"]
[BlackElo "2337"]
[PlyCount "0"]
[WhiteTeam "Sachovy klub Duras Brno"]
[BlackTeam "BSS Frydek-Mistek B"]
[EventDate "2024.10.20"]

1. e4 e6 2. d4 d5 3. Nd2 Be7 4. Ngf3 Nf6 5. e5 Nfd7 6. c3 c5 7. Bd3 Nc6 8. O-O
a5 9. Re1 Qb6 10. a3 cxd4 11. cxd4 g5 12. Nb1 g4 13. Nfd2 Qxd4 14. Nb3 Qb6 15.
Be3 Qd8 16. Bf4 h5 17. Nc3 Bg5 18. Qd2 Rg8 19. Bb5 Kf8 20. Bxc6 bxc6 21. Na4
Rb8 22. Nd4 Bb7 23. Rac1 Rc8 24. Bxg5 Rxg5 25. Nc5 Nxc5 26. Rxc5 Ra8 27. Nb3 a4
28. Na5 Ra7 29. Rec1 Kg7 30. Rxc6 Rf5 31. Rc7 Qa8 32. b4 Ba6 33. Rxa7 Qxa7 34.
Nc6 Qb7 35. Qe3 Kg6 36. Nd4 Rg5 37. b5 Bxb5 38. Qf4 f5 39. Nxe6 Qe7 40. Nxg5
Qxg5 41. Qxg5+ Kxg5 42. Rc5 Bc4 43. f4+ gxf3 44. h4+ Kg6 45. Rc6+ Kf7 46. gxf3
1-0

[Event "1. liga V 24/25, Duras-BSS"]
[Site ""]
[Date "2024.10.20"]
[Round "1.2"]
[White "Rabatin, Jakub"]
[Black "Shengelia, David"]
[Result "0-1"]
[WhiteFideId "329517"]
[BlackFideId "13601270"]
[WhiteElo "2314"]
[BlackElo "2449"]
[PlyCount "0"]
[WhiteTeam "BSS Frydek-Mistek B"]
[BlackTeam "Sachovy klub Duras Brno"]
[EventDate "2024.10.20"]

1. e4 c5 2. Nf3 Nc6 3. d4 cxd4 4. Nxd4 Nf6 5. Nc3 d6 6. Bg5 e6 7. Bb5 Bd7 8.
Qd3 h6 9. Bh4 Ne5 10. Qe2 g5 11. Bg3 a6 12. Bxd7+ Nfxd7 13. O-O h5 14. Nd1 Ng6
15. h3 Qf6 16. c3 Nf4 17. Qc2 Be7 18. Ne3 Kf8 19. Rad1 Rc8 20. Qd2 Qe5 21. Nf3
Qf6 22. h4 g4 23. Ng5 Rc5 24. Nf5 exf5 25. Bxf4 Ne5 26. exf5 Qxf5 27. Rfe1 Rc4
28. Bxe5 dxe5 29. Qd3 Qxd3 30. Rxd3 Bxg5 31. hxg5 Rc5 32. Rde3 Rg8 33. Rxe5
Rxg5 34. Re7 Rb5 35. b3 Rbc5 36. R1e3 b5 37. Ra7 Rg6 38. Kf1 Kg7 39. Ke1 h4 40.
Kf1 Rd5 41. Rae7 Rd2 42. Re2 Rgd6 43. R2e4 Kf6 44. Re8 Rd1+ 45. Ke2 R6d2+ 46.
Ke3 Rd3+ 47. Ke2 R1d2+ 48. Ke1 Rxa2 49. Rf4+ Kg5 50. Rxf7 Rxc3 51. Rg8+ Kh6 52.
Kd1 h3 53. Rf6+ Kh7 54. Rgg6 Rc7 55. gxh3 gxh3 56. Rh6+ Kg7 57. Rfg6+ Kf7 58.
Rf6+ Ke7 59. Re6+ Kd7 60. Rd6+ Kc8 61. Rxh3 Rf7 62. Rc3+ Kb7 63. Rd2 Rxd2+ 64.
Kxd2 Rxf2+ 65. Kc1 Kb6 66. Kb1 Ka5 67. Rh3 Kb4 68. Kc1 Ka3 69. Rh6 Kxb3 70.
Rxa6 Rf1+ 71. Kd2 b4 72. Rb6 Rb1 73. Rb7 Ka2 74. Ra7+ Kb2 75. Kd3 b3 76. Rh7
Rc1 77. Rb7 Rc8 78. Rh7 Ka2 79. Ra7+ Kb1 80. Rb7 b2 81. Kd2 Rd8+ 82. Kc3 Kc1
0-1

[Event "1. liga V 24/25, Duras-BSS"]
[Site ""]
[Date "2024.10.20"]
[Round "1.3"]
[White "Blahynka, Martin"]
[Black "Virostko, Petr"]
[Result "1-0"]
[WhiteFideId "334766"]
[BlackFideId "308340"]
[WhiteElo "2385"]
[BlackElo "2311"]
[PlyCount "0"]
[WhiteTeam "Sachovy klub Duras Brno"]
[BlackTeam "BSS Frydek-Mistek B"]
[EventDate "2024.10.20"]

1. e4 e5 2. Nf3 Nc6 3. Bc4 Bc5 4. c3 Nf6 5. d3 d6 6. O-O O-O 7. h3 h6 8. Re1
Re8 9. Nbd2 a5 10. Nf1 Bb6 11. Ng3 Be6 12. Bb5 Bd7 13. d4 Nxd4 14. Nxd4 exd4
15. Bxd7 Qxd7 16. cxd4 d5 17. e5 Ne4 18. Bf4 a4 19. Nh5 Qf5 20. g4 Qg6 21. Be3
Ng5 22. f4 Ne4 23. f5 Qh7 24. Bf4 g6 25. Rxe4 gxh5 26. Re2 Kh8 27. Qd2 Rg8 28.
Rg2 hxg4 29. hxg4 h5 30. Rf1 c6 31. Rf3 Rxg4 32. Rxg4 hxg4 33. Rf2 Qxf5 34. Bg5
Bxd4 35. Bf6+ Kg8 36. Qxd4 Qb1+ 37. Rf1 Qe4 38. Qxe4 dxe4 39. Rf4 Ra5 40. Rxg4+
Kh7 41. Kf2 Rb5 42. Ke3 Rxb2 43. e6 1-0

[Event "1. liga V 24/25, Duras-BSS"]
[Site ""]
[Date "2024.10.20"]
[Round "1.4"]
[White "Paseka, Matyas"]
[Black "Vyskocil, Neklan"]
[Result "1-0"]
[WhiteFideId "23703296"]
[BlackFideId "307106"]
[WhiteElo "2293"]
[BlackElo "2285"]
[PlyCount "0"]
[WhiteTeam "BSS Frydek-Mistek B"]
[BlackTeam "Sachovy klub Duras Brno"]
[EventDate "2024.10.20"]

1. e4 c5 2. Nf3 Nc6 3. d4 cxd4 4. Nxd4 e5 5. Nb5 d6 6. N1c3 a6 7. Na3 Be6 8.
Nc4 Rb8 9. Nd5 Bxd5 10. exd5 Nce7 11. a4 Nf6 12. g4 Ng6 13. g5 Nd7 14. h4 Be7
15. Bh3 Nb6 16. Ne3 Nxh4 17. a5 Na8 18. Ra4 Bxg5 19. Rg1 h6 20. Rxh4 Bxh4 21.
Rxg7 Bf6 22. Rg3 Bg5 23. Qh5 Rg8 24. Be6 Qf6 25. Nf5 Kd8 26. Nxh6 Bxc1 27. Nxg8
Qf4 28. Bxf7 Bd2+ 29. Kf1 Bxa5 30. Be6 Kc7 31. Rb3 b5 32. Qh7+ Kb6 33. Qd7 Qc4+
34. Kg2 Qe4+ 35. Kh2 Qh4+ 36. Kg1 Qg5+ 37. Rg3 Qc1+ 38. Kg2 Qxc2 39. Qxd6+ Ka7
40. Ne7 Qe4+ 41. Rf3 Bc7 42. Qc5+ Rb6 43. Nc8+ Kb8 44. Nxb6 Qg6+ 45. Rg3 Qe4+
46. Kh2 Qh4+ 47. Bh3 Bxb6 48. Qc8+ Ka7 49. Rg7+ Nc7 50. Rxc7+ Bxc7 51. Qxc7+
Ka8 52. Qf7 1-0

[Event "1. liga V 24/25, Duras-BSS"]
[Site ""]
[Date "2024.10.20"]
[Round "1.5"]
[White "Zpevak, Pavel"]
[Black "Holeksa, Zdenek"]
[Result "1/2-1/2"]
[WhiteFideId "300586"]
[BlackFideId "316261"]
[WhiteElo "2283"]
[BlackElo "2278"]
[PlyCount "0"]
[WhiteTeam "Sachovy klub Duras Brno"]
[BlackTeam "BSS Frydek-Mistek B"]
[EventDate "2024.10.20"]

1. d4 Nf6 2. c4 g6 3. Nc3 c5 4. d5 e5 5. dxe6 fxe6 6. Bg5 Bg7 7. e4 Qa5 8. Qd2
Nc6 9. Bd3 O-O 10. Nge2 Ne5 11. O-O d5 12. exd5 exd5 13. cxd5 Nxd3 14. Qxd3 Bf5
15. Qd2 b5 16. a3 Rad8 17. Ng3 Bg4 18. f3 Be6 19. Rfd1 Qb6 20. Nge4 Nxd5 21.
Bxd8 Rxd8 22. Nxd5 Rxd5 23. Qc2 Bd4+ 24. Rxd4 Rxd4 25. Qxc5 Qxc5 26. Nxc5 Bc4
27. Ne4 Kf7 28. Rc1 a5 29. a4 Ke6 30. axb5 Bxb5 31. Rc5 Rb4 32. Nc3 Be8 33.
Rxa5 Rxb2 34. Ra6+ Kf5 35. Ne4 Kf4 36. h3 Rc2 37. Kh2 Bb5 38. Ra1 Bc6 39. Re1
g5 40. Rf1 Bxe4 1/2-1/2

[Event "1. liga V 24/25, Duras-BSS"]
[Site ""]
[Date "2024.10.20"]
[Round "1.7"]
[White "Jires, Jiri"]
[Black "Trojan, Matyas"]
[Result ""]
[WhiteFideId "365718"]
[BlackFideId "23710764"]
[WhiteElo "2107"]
[BlackElo "2012"]
[PlyCount "0"]
[WhiteTeam "Sachovy klub Duras Brno"]
[BlackTeam "BSS Frydek-Mistek B"]
[EventDate "2024.10.20"]

1. e4 e5 2. Nf3 Nc6 3. Bc4 Bc5 4. d3 Nf6 5. O-O d6 6. c3 O-O 7. Bb3 a6 8. h3
Be6 9. Bg5 h6 10. Be3 Bxb3 11. axb3 Bxe3 12. fxe3 d5 13. exd5 Nxd5 14. Qe2 f5
15. d4 e4 16. Ne1 Qg5 17. Nc2 f4 18. c4 f3 19. Qd2 Ndb4 20. Nxb4 Nxb4 21. Nc3
Rae8 22. Rf2 Nd3 23. Nxe4 Rxe4 24. Qxd3 Rxe3 25. Qd2 Rxb3 26. Qxg5 hxg5 27. Ra3
Rxa3 28. bxa3 Rf4 29. Rxf3 Rxd4 30. c5 g4 31. Rb3 Rc4 32. Rxb7 Rxc5 33. Ra7 a5
34. hxg4 Kf7 35. Ra6 c6 36. Kf2 Ke6 37. Ke3 Ke5 38. Ra7 Rc3+ 39. Kd2 Rxa3 40.
Rxg7 Kd4 41. Kc2 a4 42. Kb2 Rg3 43. Ra7 Rxg2+ 44. Kb1 Kc3 45. Rc7 Kb3 46. Rxc6
Rg1+ 47. Rc1 Rxg4 48. Rh1 1/2-1/2

[Event "1. liga V 24/25, Duras-BSS"]
[Site ""]
[Date "2024.10.20"]
[Round "1.8"]
[White "Vanicek, Michal"]
[Black "Tajovsky, Matej"]
[Result "1-0"]
[WhiteFideId "338850"]
[BlackFideId "384780"]
[WhiteElo "1861"]
[BlackElo "2074"]
[PlyCount "0"]
[WhiteTeam "BSS Frydek-Mistek B"]
[BlackTeam "Sachovy klub Duras Brno"]
[EventDate "2024.10.20"]

1. e4 c5 2. Nf3 Nc6 3. d4 cxd4 4. Nxd4 g6 5. Nc3 Bg7 6. Be3 Nf6 7. Bc4 O-O 8.
O-O Nxe4 9. Bxf7+ Rxf7 10. Nxe4 d5 11. Ng5 Rf6 12. h3 e5 13. Nxc6 bxc6 14. Nf3
Rf7 15. Re1 Qf8 16. c3 Bb7 17. Ng5 Rf6 18. Qg4 Re8 19. Bxa7 c5 20. b4 cxb4 21.
Qxb4 Qxb4 22. cxb4 Ra6 23. Bc5 e4 24. Rab1 Rxa2 25. Nf3 Rc8 26. Nd4 Bf8 27.
Rec1 Rd2 28. Ne6 Bxc5 29. Nxc5 Rf8 30. Rf1 Rb8 31. b5 Kf7 32. Rfc1 Ke7 33. Kf1
Rf8 34. f3 Rb8 35. Nxb7 Rxb7 36. fxe4 dxe4 37. Rc4 Kd6 38. Rxe4 Rf7+ 39. Kg1
Rff2 40. Rd4+ Rxd4 41. Kxf2 Kc7 42. Rb3 Kb6 43. Ke3 Rc4 44. g4 h5 45. Kf3 hxg4+
46. hxg4 g5 47. Re3 Rc5 48. Re6+ Kxb5 49. Ke4 Rc1 50. Kf5 Kc5 51. Kxg5 Kd5 52.
Re2 Rc8 53. Kf6 Rf8+ 54. Kg7 Rf4 55. g5 Rg4 56. g6 Rf4 57. Kg8 Rg4 58. g7 Kd6
59. Rh2 1-0

[Event "1. liga V 24/25, Morenda-Dobra"]
[Site ""]
[Date "2024.10.20"]
[Round "1.1"]
[White "Polak, Tomas"]
[Black "Hrbek, Stepan"]
[Result "1/2-1/2"]
[WhiteFideId "300560"]
[BlackFideId "393479"]
[WhiteElo "2472"]
[BlackElo "2406"]
[PlyCount "0"]
[WhiteTeam "Moravska Slavia Brno B"]
[BlackTeam "Sokol Dobra"]
[EventDate "2024.10.20"]

1. d4 Nf6 2. c4 e6 3. Nf3 b6 4. g3 Ba6 5. b3 Bb4+ 6. Bd2 Be7 7. Nc3 O-O 8. Bg2
d5 9. cxd5 exd5 10. O-O Re8 11. Re1 Nbd7 12. Rc1 c5 13. Rc2 Nf8 14. dxc5 bxc5
15. Bg5 d4 16. Bxf6 Bxf6 17. Na4 c4 18. bxc4 Rc8 19. Nb2 Ne6 20. Nd2 Nc5 21.
Bd5 Nd7 22. Qc1 Nb6 23. Bg2 Bg5 24. h4 Bxd2 25. Qxd2 Nxc4 26. Nxc4 Rxc4 27.
Rxc4 Bxc4 28. Bf3 Qb6 29. Rc1 Be6 30. Kg2 h6 31. Rc6 Qd8 32. Rc5 Qd6 33. Ra5
Qb6 34. Ra4 Rd8 35. Qa5 Qxa5 36. Rxa5 Rd7 37. a3 Kf8 38. Be4 Ke7 39. Kf3 Kd6
40. Kf4 Bc4 41. Bd3 Bd5 42. g4 Re7 43. f3 Rc7 44. g5 hxg5+ 45. hxg5 Re7 46. Rb5
Re8 47. Ra5 Re7 48. Rb5 Re8 49. Be4 Bxe4 50. fxe4 Rc8 51. Rd5+ Ke6 52. Re5+ Kd6
53. Rd5+ Ke6 54. Rxd4 Rc5 55. Rb4 Ra5 56. a4 Kd6 57. Rb7 Ke6 58. Rb4 Kd6 59.
Rb7 1/2-1/2

[Event "1. liga V 24/25, Morenda-Dobra"]
[Site ""]
[Date "2024.10.20"]
[Round "1.2"]
[White "Jakab, Bela"]
[Black "Krejci, Jan"]
[Result "1-0"]
[WhiteFideId "14933128"]
[BlackFideId "322156"]
[WhiteElo "2346"]
[BlackElo "2538"]
[PlyCount "0"]
[WhiteTeam "Sokol Dobra"]
[BlackTeam "Moravska Slavia Brno B"]
[EventDate "2024.10.20"]

1. e4 c5 2. c3 d5 3. exd5 Qxd5 4. d4 Nf6 5. Nf3 e6 6. Be3 Nc6 7. Be2 cxd4 8.
cxd4 Bb4+ 9. Nc3 Qa5 10. Qb3 O-O 11. O-O Bd7 12. Rfd1 Bxc3 13. bxc3 Qc7 14. c4
Ng4 15. Bg5 Na5 16. Qb4 Rac8 17. h3 Nf6 18. Ne5 Bc6 19. Bxf6 gxf6 20. Ng4 f5
21. Nf6+ Kg7 22. Nh5+ Kh8 23. d5 Bd7 24. Qb2+ e5 25. d6 Qc5 26. Rd5 1-0

[Event "1. liga V 24/25, Morenda-Dobra"]
[Site ""]
[Date "2024.10.20"]
[Round "1.3"]
[White "Kociscak, Jiri"]
[Black "Marek, Matyas"]
[Result "1/2-1/2"]
[WhiteFideId "322121"]
[BlackFideId "335398"]
[WhiteElo "2479"]
[BlackElo "2305"]
[PlyCount "0"]
[WhiteTeam "Moravska Slavia Brno B"]
[BlackTeam "Sokol Dobra"]
[EventDate "2024.10.20"]

1. d4 Nf6 2. c4 e6 3. Nc3 c5 4. d5 exd5 5. cxd5 d6 6. Nf3 g6 7. Nd2 Bg7 8. e4
O-O 9. Be2 Ne8 10. O-O f5 11. exf5 Bxf5 12. Nde4 Na6 13. Bg5 Nf6 14. Bd3 Nc7
15. Re1 Qd7 16. Qd2 Nxe4 17. Bxe4 Rae8 18. f3 Bxe4 19. Nxe4 Re5 20. Nc3 Rfe8
21. Rxe5 Bxe5 22. Ne4 Qf7 23. Rd1 b6 24. Kh1 Qf5 25. a4 Qf8 26. Bh6 Qf5 27. h3
Rd8 28. Bg5 Rd7 29. Qe2 Rf7 30. b3 Qd7 31. Qe3 Bg7 32. Bh4 Be5 33. Bg5 Bg7 34.
Bh4 Be5 35. Bg5 1/2-1/2

[Event "1. liga V 24/25, Morenda-Dobra"]
[Site ""]
[Date "2024.10.20"]
[Round "1.4"]
[White "Berezjuk, Sergej"]
[Black "Zeman, Matyas"]
[Result "1/2-1/2"]
[WhiteFideId "312614"]
[BlackFideId "364398"]
[WhiteElo "2359"]
[BlackElo "2331"]
[PlyCount "0"]
[WhiteTeam "Sokol Dobra"]
[BlackTeam "Moravska Slavia Brno B"]
[EventDate "2024.10.20"]

1. e4 e6 2. d4 d5 3. exd5 exd5 4. Nf3 Nf6 5. Bd3 c5 6. O-O c4 7. Re1+ Be7 8.
Bf1 O-O 9. b3 cxb3 10. axb3 Bf5 11. Ne5 Qc7 12. Bd3 Bxd3 13. Qxd3 Re8 14. Nc3
Nc6 15. Bf4 Bb4 16. Nb5 Qb6 17. c3 Bf8 18. b4 1/2-1/2

[Event "1. liga V 24/25, Morenda-Dobra"]
[Site ""]
[Date "2024.10.20"]
[Round "1.5"]
[White "Holemar, David"]
[Black "Kula, Dominik"]
[Result "1/2-1/2"]
[WhiteFideId "307009"]
[BlackFideId "344338"]
[WhiteElo "2180"]
[BlackElo "2200"]
[PlyCount "0"]
[WhiteTeam "Moravska Slavia Brno B"]
[BlackTeam "Sokol Dobra"]
[EventDate "2024.10.20"]

1. d4 Nf6 2. Nf3 d5 3. c4 e6 4. Nc3 Bb4 5. Qa4+ Nc6 6. e3 O-O 7. Be2 a6 8. Qc2
dxc4 9. Bxc4 b5 10. Be2 Bb7 11. O-O Ne7 12. a4 bxa4 13. Nxa4 Be4 14. Qc4 a5 15.
Nc5 Bd5 16. Qc2 Bxc5 17. Qxc5 Ne4 18. Qc2 Nc6 19. Bd2 Qd6 20. Bc3 Rfb8 21. Nd2
1/2-1/2

[Event "1. liga V 24/25, Morenda-Dobra"]
[Site ""]
[Date "2024.10.20"]
[Round "1.6"]
[White "Kratochvil, Josef"]
[Black "Bures, Vit"]
[Result "1-0"]
[WhiteFideId "328626"]
[BlackFideId "309052"]
[WhiteElo "2243"]
[BlackElo "2175"]
[PlyCount "0"]
[WhiteTeam "Sokol Dobra"]
[BlackTeam "Moravska Slavia Brno B"]
[EventDate "2024.10.20"]

1. Nf3 d5 2. b3 Bf5 3. Bb2 e6 4. e3 Nf6 5. c4 h6 6. Nc3 c6 7. d4 Nbd7 8. Bd3
Bxd3 9. Qxd3 Bb4 10. O-O O-O 11. a3 Bxc3 12. Qxc3 Ne4 13. Qc2 f5 14. Ne1 Rc8
15. f3 Nd6 16. c5 Nf7 17. Nd3 Qc7 18. Rae1 Rce8 19. b4 a6 20. a4 g6 21. Qb3 Kh7
22. b5 axb5 23. axb5 cxb5 24. Ra1 Nd8 25. Bc3 Nc6 26. Qxb5 Ra8 27. Nf4 Rxa1 28.
Rxa1 Re8 29. Rb1 g5 30. Qxb7 Qxb7 31. Rxb7 gxf4 32. Rxd7+ Re7 33. Rd6 Nb8 34.
exf4 1-0

[Event "1. liga V 24/25, Morenda-Dobra"]
[Site ""]
[Date "2024.10.20"]
[Round "1.7"]
[White "Skacelik, Petr"]
[Black "Slanina, Miroslav"]
[Result "1-0"]
[WhiteFideId "307904"]
[BlackFideId "304867"]
[WhiteElo "2101"]
[BlackElo "2158"]
[PlyCount "0"]
[WhiteTeam "Moravska Slavia Brno B"]
[BlackTeam "Sokol Dobra"]
[EventDate "2024.10.20"]

1. d4 d5 2. c4 c6 3. Nc3 Nf6 4. Nf3 dxc4 5. a4 Bf5 6. e3 e6 7. Bxc4 Bb4 8. O-O
O-O 9. Qe2 Nbd7 10. e4 Bg6 11. Bd3 Bh5 12. e5 Nd5 13. Nxd5 cxd5 14. Qe3 Be7 15.
Ng5 Bxg5 16. Qxg5 Qxg5 17. Bxg5 Rfc8 18. Rfc1 Bg6 19. Bb5 Nf8 20. a5 a6 21. Ba4
Bd3 22. Be7 Bb5 23. Bxb5 axb5 24. Bc5 Nd7 25. Kf1 Ra6 26. Ke2 Rac6 27. b4 f6
28. f4 Kf7 29. Rf1 f5 30. h3 h5 31. Kf3 Rh8 32. g3 g6 33. Rh1 Ra6 34. g4 Raa8
35. Kg3 Ra6 36. Rhg1 Raa8 37. gxf5 exf5 38. Kh4 Ra6 39. Rgc1 Rc8 40. Kg5 Rac6
41. Re1 Re6 42. Rac1 Rh8 43. h4 Nb8 44. Bd6 Na6 45. Rc3 Rd8 46. Rec1 Ree8 47.
Rc7+ Nxc7 48. Rxc7+ Ke6 49. Rxb7 Rc8 50. Bc5 Rb8 51. Rg7 Rbc8 52. a6 1-0

[Event "1. liga V 24/25, Morenda-Dobra"]
[Site ""]
[Date "2024.10.20"]
[Round "1.8"]
[White "Filip, Tomas"]
[Black "Kredl, Karel"]
[Result "0-1"]
[WhiteFideId "358037"]
[BlackFideId "315893"]
[WhiteElo "1994"]
[BlackElo "2045"]
[PlyCount "0"]
[WhiteTeam "Sokol Dobra"]
[BlackTeam "Moravska Slavia Brno B"]
[EventDate "2024.10.20"]

1. e4 c5 2. Nf3 d6 3. d4 cxd4 4. Nxd4 Nf6 5. Nc3 Nc6 6. Be2 e5 7. Nb3 Be6 8.
Bg5 Be7 9. O-O O-O 10. Bxf6 Bxf6 11. Nd5 Bg5 12. c3 Rc8 13. Qd3 Ne7 14. Ne3 Qb6
15. Nd5 Nxd5 16. exd5 Bd7 17. c4 a5 18. Nd2 f5 19. Nf3 Bh6 20. Qb3 Qc7 21. Rad1
b6 22. Qa3 Qc5 23. Qc3 g6 24. a3 a4 25. Ne1 b5 26. Qh3 Bg7 27. Rc1 Qd4 28. Qd3
Qb6 29. Qd2 bxc4 30. Rxc4 Rxc4 31. Bxc4 Rc8 32. Qe2 e4 33. Nc2 Qxb2 34. Nb4
Qxe2 35. Bxe2 Rc3 36. Ra1 Rb3 0-1

[Event "1. liga V 24/25, Trinec-Jundrov"]
[Site ""]
[Date "2024.10.20"]
[Round "1.1"]
[White "Langner, Ladislav"]
[Black "Zwardon, Vojtech"]
[Result "1/2-1/2"]
[WhiteFideId "300403"]
[BlackFideId "325511"]
[WhiteElo "2355"]
[BlackElo "2442"]
[PlyCount "0"]
[WhiteTeam "TJ TZ Trinec"]
[BlackTeam "Jezdci Jundrov"]
[EventDate "2024.10.20"]

1. e4 c5 2. c3 Nf6 3. e5 Nd5 4. Bc4 Nb6 5. Bb3 c4 6. Bc2 Nc6 7. Nf3 d6 8. exd6
Qxd6 9. O-O Bg4 10. h3 Bh5 11. b3 Qd5 12. bxc4 Nxc4 13. Bb3 N6e5 14. d3 Bxf3
15. Bxc4 Qxc4 16. dxc4 Bxd1 17. Rxd1 Nxc4 18. Na3 Rc8 19. Nxc4 Rxc4 20. Be3
Ra4 21. Rd4 Rxd4 22. Bxd4 Kd7 23. Bxa7 e5 24. Kf1 Ba3 25. Rb1 Kc6 26. Ke2 Ra8
27. Be3 b5 28. Kd3 f5 29. f3 Be7 30. Rb2 Ra3 31. Rc2 Kd5 32. Rd2 Bf6 33. Rb2
b4 34. Rxb4 e4+ 35. Ke2 Rxa2+ 36. Kf1 Bxc3 37. fxe4+ fxe4 38. Rb7 Bf6 39. Rc7
Ra5 40. Ke2 Be5 41. Rc8 Ra2+ 42. Kf1 Ra4 43. Rc5+ Kd6 44. Rb5 Ra1+ 45. Ke2
Ra2+ 46. Kf1 Bf6 47. Rb8 h5 48. Rc8 Ra5 49. Ke2 h4 50. Rc2 Rb5 51. Ra2 Be5 52.
Ra8 Rb2+ 53. Kf1 Bg3 54. Rd8+ Ke6 55. Rd4 Ke5 56. Rd7 Rb1+ 57. Ke2 g6 58. Re7+
Kd5 59. Rd7+ Ke6 60. Rd4 Ke5 61. Rd8 Rb2+ 62. Kf1 Ra2 63. Rg8 Kd5 64. Rc8 Ra5
65. Ke2 Be5 66. Rd8+ Ke6 67. Re8+ Kf7 68. Rc8 Ra2+ 69. Kf1 Ra4 70. Rc6 Bf6 71.
Ke2 Be7 72. Kf1 g5 73. Ke2 Bf6 74. Rc5 Kg6 75. Rb5 Ra2+ 76. Kf1 Ra3 77. Ke2
Ra4 78. Rc5 Be7 79. Re5 Bf6 80. Rb5 Ra2+ 81. Kf1 Ra8 82. Ke2 Re8 83. Rb6 Rd8
84. Rb4 Re8 85. Rb5 Be5 86. Ra5 Bf4 87. Ra6+ Kf5 88. Ra5+ Ke6 89. Ra6+ Kd5 90.
Ra5+ Ke6 91. Ra6+ Kf5 92. Ra5+ Kg6 93. Ra6+ Kh5 94. Ra5 Be5 95. Ra6 Bc7 96.
Rc6 Bf4 97. Rc5 Kg6 98. Rc6+ Kf7 99. Rc5 Kf6 100. Rc6+ Ke5 101. Rc5+ Kd6 102.
Rc4 Re5 103. Ra4 Ke6 104. Ra8 Kf7 105. Ra7+ Kg6 106. Ra6+ Kh5 107. Rf6 Bg3
108. Rc6 Re7 109. Ra6 Be5 110. Rb6 Bf4 111. Rb5 Kg6 112. Rb6+ Kf7 113. Rb5 Re6
114. Rf5+ Kg6 115. Rf8 Rf6 116. Rxf6+ Kxf6 117. Bd4+ Kf5 118. Bb6 g4 119. Bd8
Bg5 120. Bc7 Be7 121. Bb8 Bd8 122. Bd6 Bf6 123. hxg4+ Kxg4 124. Ke3 Kf5 125.
Ke2 Bg5 126. Bc5 Kg4 127. Bf2 e3 128. Be1 Bf4 129. Kf1 Bg3 130. Bb4 h3 131.
gxh3+ Kf3 132. Kg1 Bf2+ 133. Kh2 Bh4 134. Kg1 e2 135. Bc3 Bf6 136. Bb4 Bd4+
137. Kh2 Bf6 138. Kg1 Bd8 139. Bc3 Bh4 140. Bb4 Bf6 141. Ba5 Bg5 142. Bb4 Bf4
143. Bc3 Ke3 144. Be1 Kf3 145. Bc3 Bc1 146. Be1 Be3+ 147. Kh2 Bf2 148. Bb4 Bh4
149. Kg1 Bg5 150. Be1 Be3+ 151. Kh2 Bc1 152. Kg1 Bg5 153. Bb4 Be3+ 154. Kh2
Bc1 155. Be1 Bg5 156. Kg1 Bf6 157. Kh2 Bd4 158. Kh1 Bf2 159. Bb4 Kg3 160. h4
Kxh4 161. Kg2 e1=N+ 162. Kxf2 Nd3+ 163. Ke3 Nxb4 1/2-1/2

[Event "1. liga V 24/25, Trinec-Jundrov"]
[Site ""]
[Date "2024.10.20"]
[Round "1.2"]
[White "Bures, Jaroslav"]
[Black "Fargac, Martin"]
[Result "1/2-1/2"]
[WhiteFideId "322890"]
[BlackFideId "345245"]
[WhiteElo "2407"]
[BlackElo "2347"]
[PlyCount "0"]
[WhiteTeam "Jezdci Jundrov"]
[BlackTeam "TJ TZ Trinec"]
[EventDate "2024.10.20"]

1. e4 g6 2. d4 Bg7 3. Nc3 a6 4. h4 h5 5. Bg5 d6 6. Bc4 Nc6 7. Nge2 b5 8. Bd5
Bb7 9. Nf4 Nf6 10. O-O Nxd5 11. Ncxd5 Qd7 12. c3 O-O 13. e5 dxe5 14. dxe5 Rad8
15. Qc2 Nxe5 16. Rad1 f6 17. Nxf6+ exf6 18. Rxd7 Rxd7 19. Nxg6 Nxg6 20. Qxg6
fxg5 21. hxg5 Rd2 22. Qxh5 Rxb2 23. g6 Re8 24. Qf5 Rbe2 25. Qf7+ Kh8 26. Qxc7
R2e7 27. Qc5 Re5 28. Qb6 Be4 29. Qxa6 Rg5 30. f3 Bd3 31. Qc6 Rf8 32. Re1 Rxg6
33. Re6 Rxe6 34. Qxe6 Bc4 35. Qc6 Bxa2 36. Qxb5 Bxc3 37. f4 Bg8 38. g3 Bg7 39.
Kg2 Bh7 40. Kf3 Bh6 41. Qc6 Kg7 42. Qc7+ Rf7 43. Qe5+ Kg8 44. Kg4 Bg6 45. Kf3
Kh7 46. Kg4 Bg7 47. Qe6 Rf8 48. Qe7 Rf7 49. Qe6 Rf8 50. Kf3 Rf6 51. Qd7 Rf7
52. Qh3+ Bh6 53. Qe6 Kg7 54. Qe5+ Kh7 55. Qd5 Kg7 56. Qd6 Kh7 57. Kg4 Bf5+ 58.
Kh5 Bf8 59. Qd5 Rf6 60. Qb7+ Bg7 61. g4 Be6 62. Qe4+ Kg8 63. f5 Bf7+ 64. Kh4
Rd6 65. Qa8+ Kh7 66. Qa7 Rh6+ 67. Kg3 Be5+ 68. Kf3 Kg8 69. g5 Rh4 70. Qa8+ Kg7
71. g6 Rf4+ 72. Ke3 Rxf5 73. gxf7 Rxf7 74. Ke4 Bf6 75. Kf5 Bh4+ 76. Kg4 Be7
77. Qd5 Rf6 78. Qd7 Kf8 79. Kh5 Kf7 80. Qd5+ Kf8 81. Qa8+ Kf7 82. Qa2+ Kf8 83.
Qc2 Kf7 84. Qh7+ Ke8 85. Kg4 Kd8 86. Qh8+ Kd7 87. Qg8 Rd6 88. Kf5 Rf6+ 89. Ke4
Rd6 90. Qa2 Ke8 91. Ke5 Kd7 92. Qa4+ Kd8 93. Qb5 Rf6 94. Qd3+ Rd6 95. Qxd6+
Bxd6+ 96. Kxd6 1/2-1/2

[Event "1. liga V 24/25, Trinec-Jundrov"]
[Site ""]
[Date "2024.10.20"]
[Round "1.3"]
[White "Szotkowski, Jakub"]
[Black "Blatny, Pavel"]
[Result "1-0"]
[WhiteFideId "330590"]
[BlackFideId "300047"]
[WhiteElo "2298"]
[BlackElo "2316"]
[PlyCount "0"]
[WhiteTeam "TJ TZ Trinec"]
[BlackTeam "Jezdci Jundrov"]
[EventDate "2024.10.20"]

1. d4 d5 2. c4 e6 3. Nf3 c6 4. e3 f5 5. Ne5 Qf6 6. f4 Nd7 7. Be2 Nxe5 8. fxe5
Bb4+ 9. Bd2 Qe7 10. O-O Bxd2 11. Qxd2 Nh6 12. b4 O-O 13. a4 Bd7 14. b5 dxc4
15. Bxc4 Rac8 16. Be2 Rfd8 17. Qb2 c5 18. Nd2 Be8 19. Rac1 Qg5 20. Nc4 cxd4
21. exd4 Bh5 22. Bxh5 Qxh5 23. Nd6 Rxc1 24. Qxc1 Qh4 25. Qc4 Kh8 26. h3 b6 27.
Qxe6 Qxd4+ 28. Kh2 Qh4 29. Rxf5 Qxa4 30. Qe7 Rg8 31. Rf8 Qa2 32. e6 1-0